1702 1445 1336 1026 1547 1020 1853 1465 1994 1645 1867 1355 1113 1754 1637 1138 1647 1649 1155 1966 1576 1749 1150 1090 1549 1428 1934 1326 1947 1875 1437 1923 1597 1066 1246 1455 1017 1251 1417 1310 1077 1382 1522 1059 1789 1051 1947 1309 1545 1296 1407 1614 1956 1592 1207 1339 1642 1297 1430 1631 1289 1445 1657 1780 1131 1994 1827 1964 1473 1154 1459 1967 1215 1263 1620 1865 1577 1145 1065 1435 1000 1735 1036 1609 1255 1191 1257 1814 1422 1118 1972 1951 1293 1782 1020 1555 1647 1849 1989 BCNSPRNW ULIB Ver.6.0+V

เปลี่ยนเป็นภาษาไทย

Change to English
 แสดงรายละเอียดบรรณานุกรม
  กลับหน้าหลัก

Brief Record : Get Marc (ISO 2709) : E-mail record : QR code < ปิดหน้าต่าง
LEADER : 00000nam a2200000 a 4500
001    13399113673
003     ULIB
008    090907s2551 th a 000 0 tha d
020    ^a9789741618149
060 04 ^aQV55^bจ527ค
100 0  ^aจิรัชฌา อุดมชัยสกุล
245 10 ^aคู่มือร้านยา ความรู้เรื่องยาเบื้องต้น :และแนวทางการซักถามเพื่อให้การรักษาขั้นต้น/^cจิรัชฌา อุดมชัยสกุล
246 14 ^aคู่มือร้านยาความรู้เรื่องยาเบื้องต้น
246 30 ^aความรู้เรื่องยาเบื้องต้นและแนวทางการซักถามเพื่อให้การรักษาขั้นต้น
250    ^aพิมพ์ครั้งที่ 1
260    ^aกรุงเทพฯ :^bศิษฎิกร,^c2551
300    ^a144 หน้า :^bภาพประกอบ ;^c21 ซม.
650  4 ^aการใช้ยา
650  4 ^aการรักษาด้วยยา
650  4 ^aยา^vคู่มือ
650  4 ^aร้านขายยา^xการบริหาร
945    ^p240^l0^i030811
945    ^p240^l0^i030812
995    ^aเกษร
999 ^a ใช้งานได้ทุกระบบ
รายการนี้ยังไม่มีแท็ก
คุณยังไม่ได้ล็อกอิน คุณสามารถมีกิจกรรมร่วมกับเว็บไซต์ได้ แต่ต้องล็อกอินก่อน ::
  ล็อกอิน

รายการสื่อสารสนเทศ

ลำดับที่ ประเภท เลขเรียก/บาร์โค้ด สถานที่ สถานะ
- ไม่พบข้อมูล -

รายการใกล้เคียง
    ผู้แต่ง [จิรัชฌา อุดมชัยสกุล]

    หัวเรื่อง [การใช้ยา]
    หัวเรื่อง [การรักษาด้วยยา]

BibComment


ยังไม่เคยถูกคอมเมนท์

คอมเมนท์ทรัพยากรรายการนี้
  คอมเมนท์: คู่มือร้านยา ควา..


 Copyright 2026. Bcnsprnw @Library